000 00298nam a2200097Ia 4500
008 230915s9999 xx 000 0 und d
050 _aPE 1128.42.S33 1992
100 _aScarcella, Robin C.
245 4 _aThe Tapestry of Language Learning The Individual in the Communicative Classroom
942 _cBK
999 _c174276
_d174276